000 00298nam a2200133Ia 4500
008 100328s9999 xx 000 0 und d
082 _b21739
100 _a---
245 _aमहानगर
260 _b---
630 _aमहानगर
730 _aमहानगर
942 _cBOOK
999 _c515727
_d515724